Welcome to the Holygrace Academy Library

Please use search bar below to get started

QURAN KATHAKAL KUTTIKALKKU (Record no. 1275)

MARC details
000 -LEADER
fixed length control field 00343nam a22001457a 4500
020 ## - INTERNATIONAL STANDARD BOOK NUMBER
ISBN 978-93-81318-69-0
082 ## - DEWEY DECIMAL CLASSIFICATION NUMBER
Classification number 894.812.3
Item number MOO/K
100 ## - MAIN ENTRY--AUTHOR NAME
Personal name MOOSAKUTTY, M
245 ## - TITLE STATEMENT
Title QURAN KATHAKAL KUTTIKALKKU
250 ## - EDITION STATEMENT
Edition statement FIRST
260 ## - PUBLICATION, DISTRIBUTION, ETC. (IMPRINT)
Place of publication THRISSUR
Name of publisher H&C PUBLISHING HOUSE
Year of publication 2002
300 ## - PHYSICAL DESCRIPTION
Number of Pages 128
650 ## - SUBJECT ADDED ENTRY--TOPICAL TERM
Topical Term SHORT STORY
Geographic subdivision KERALA
942 ## - ADDED ENTRY ELEMENTS (KOHA)
Koha item type Books
Holdings
Withdrawn status Lost status Collection code Home library Current library Shelving location Date acquired Source of acquisition Cost, normal purchase price Full call number Accession Number Koha item type
    Fiction Main Library Main Library SHELF-6C MALAYALAM SHORT STORIES 05/03/2014 PURCHASE 20.00 894.812.3 MOO/K 07667 Books
    Fiction Main Library Main Library SHELF-6C MALAYALAM SHORT STORIES 05/03/2014 PURCHASE 20.00 894.812.3 MOO/K 07652 Books
    Fiction Main Library Main Library SHELF-6D- MALAYALAM SHORT STORIES 05/03/2014 PURCHASE 20.00 894.812.3 MOO/K 07666 Books